[Event "April 9 Early 2024"]
[Site "Chess.com"]
[Date "2024.04.09"]
[Round "4"]
[White "Javakhadze, Zurab"]
[Black "Afanasieva, Alexandra"]
[Result "0-1"]
[Board "104"]
[WhiteFideId "13603647"]
[BlackFideId "34126926"]
[WhiteTitle "IM"]
[BlackTitle "WFM"]
[WhiteElo "2701"]
[BlackElo "2535"]
[WhiteTeam "GEO"]
[BlackTeam "RUS"]
[WhiteClock "0:00:02"]
[BlackClock "0:00:33"]
[Variant "Standard"]

1. e4 {[%clk 0:02:23]}  e5 {[%clk 0:02:54]} 2. Nf3 {[%clk 0:02:23]}  Nf6 {[%clk 0:02:54]} 3. Nc3 {[%clk 0:02:22]}  Bb4 {[%clk 0:02:54]} 4. Bc4 {[%clk 0:02:20]}  O-O {[%clk 0:02:53]} 5. O-O {[%clk 0:02:18]}  Bxc3 {[%clk 0:02:54]} 6. dxc3 {[%clk 0:02:16]}  Nxe4 {[%clk 0:02:53]} 7. Nxe5 {[%clk 0:02:13]}  Nf6 {[%clk 0:02:53]} 8. Bg5 {[%clk 0:02:11]}  d5 {[%clk 0:02:53]} 9. Bd3 {[%clk 0:02:07]}  h6 {[%clk 0:02:48]} 10. Bh4 {[%clk 0:02:07]}  Nbd7 {[%clk 0:02:47]} 11. Nxd7 {[%clk 0:02:04]}  Bxd7 {[%clk 0:02:47]} 12. Qf3 {[%clk 0:02:04]}  c6 {[%clk 0:02:46]} 13. Rfe1 {[%clk 0:02:02]}  Re8 {[%clk 0:02:41]} 14. Rxe8+ {[%clk 0:02:01]}  Bxe8 {[%clk 0:02:41]} 15. Re1 {[%clk 0:01:53]}  Qd6 {[%clk 0:02:36]} 16. Bxf6 {[%clk 0:01:42]}  Qxf6 {[%clk 0:02:35]} 17. Qxf6 {[%clk 0:01:42]}  gxf6 {[%clk 0:02:35]} 18. Re7 {[%clk 0:01:43]}  Rb8 {[%clk 0:02:32]} 19. g3 {[%clk 0:01:30]}  c5 {[%clk 0:02:31]} 20. c4 {[%clk 0:01:25]}  Bc6 {[%clk 0:02:28]} 21. cxd5 {[%clk 0:01:14]}  Bxd5 {[%clk 0:02:27]} 22. b3 {[%clk 0:01:12]}  Kf8 {[%clk 0:02:26]} 23. Rc7 {[%clk 0:01:11]}  Re8 {[%clk 0:01:58]} 24. Kf1 {[%clk 0:01:06]}  Bc6 {[%clk 0:01:57]} 25. Bc4 {[%clk 0:00:50]}  Re7 {[%clk 0:01:57]} 26. Rc8+ {[%clk 0:00:49]}  Kg7 {[%clk 0:01:54]} 27. Rd8 {[%clk 0:00:42]}  Bf3 {[%clk 0:01:49]} 28. Rd2 {[%clk 0:00:38]}  b6 {[%clk 0:01:40]} 29. a4 {[%clk 0:00:32]}  Kg6 {[%clk 0:01:36]} 30. Rd6 {[%clk 0:00:31]}  Kf5 {[%clk 0:01:31]} 31. h3 {[%clk 0:00:31]}  h5 {[%clk 0:01:27]} 32. Rd8 {[%clk 0:00:29]}  Kg5 {[%clk 0:01:20]} 33. Bd5 {[%clk 0:00:24]}  Bd1 {[%clk 0:01:07]} 34. c3 {[%clk 0:00:20]}  Be2+ {[%clk 0:01:02]} 35. Kg2 {[%clk 0:00:20]}  Kf5 {[%clk 0:00:57]} 36. f4 {[%clk 0:00:17]}  h4 {[%clk 0:00:53]} 37. gxh4 {[%clk 0:00:16]}  Kxf4 {[%clk 0:00:53]} 38. Kf2 {[%clk 0:00:17]}  Bh5 {[%clk 0:00:50]} 39. Bc4 {[%clk 0:00:17]}  Re3 {[%clk 0:00:46]} 40. Rd3 {[%clk 0:00:12]}  Re2+ {[%clk 0:00:45]} 41. Kf1 {[%clk 0:00:12]}  Rc2 {[%clk 0:00:43]} 42. Rd7 {[%clk 0:00:12]}  Kg3 {[%clk 0:00:36]} 43. Ke1 {[%clk 0:00:10]}  Rc1+ {[%clk 0:00:33]} 44. Kd2 {[%clk 0:00:02]}  Rd1+ {[%clk 0:00:33]} 0-1

[Event "April 9 Early 2024"]
[Site "Chess.com"]
[Date "2024.04.09"]
[Round "4"]
[White "Kleiman, Jake"]
[Black "Jovic, Stanoje"]
[Result "1-0"]
[Board "105"]
[WhiteFideId "2020041"]
[BlackFideId "905020"]
[WhiteTitle "IM"]
[BlackTitle "FM"]
[WhiteElo "2696"]
[BlackElo "2529"]
[WhiteTeam "USA"]
[BlackTeam "SRB"]
[WhiteClock "0:01:38"]
[BlackClock "0:00:00"]
[Variant "Standard"]

1. e4 {[%clk 0:03:00]}  c6 {[%clk 0:02:59]} 2. Nc3 {[%clk 0:03:00]}  d5 {[%clk 0:02:59]} 3. Nf3 {[%clk 0:03:01]}  Bg4 {[%clk 0:02:58]} 4. h3 {[%clk 0:03:02]}  Bxf3 {[%clk 0:02:58]} 5. Qxf3 {[%clk 0:03:03]}  d4 {[%clk 0:02:59]} 6. Nb1 {[%clk 0:03:02]}  e5 {[%clk 0:02:58]} 7. Bc4 {[%clk 0:03:02]}  Nf6 {[%clk 0:02:57]} 8. d3 {[%clk 0:03:02]}  Bb4+ {[%clk 0:02:57]} 9. Nd2 {[%clk 0:03:02]}  O-O {[%clk 0:02:52]} 10. O-O {[%clk 0:03:01]}  Bxd2 {[%clk 0:02:49]} 11. Bxd2 {[%clk 0:03:01]}  b5 {[%clk 0:02:47]} 12. Bb3 {[%clk 0:03:00]}  a5 {[%clk 0:02:46]} 13. a4 {[%clk 0:03:00]}  Nbd7 {[%clk 0:02:41]} 14. axb5 {[%clk 0:02:57]}  cxb5 {[%clk 0:02:39]} 15. Qe2 {[%clk 0:02:48]}  a4 {[%clk 0:02:37]} 16. Ba2 {[%clk 0:02:48]}  Qc7 {[%clk 0:02:25]} 17. Rac1 {[%clk 0:02:43]}  a3 {[%clk 0:02:21]} 18. bxa3 {[%clk 0:02:39]}  Rxa3 {[%clk 0:02:21]} 19. Bb3 {[%clk 0:02:40]}  Nc5 {[%clk 0:01:45]} 20. Bb4 {[%clk 0:02:40]}  Ra6 {[%clk 0:01:41]} 21. f4 {[%clk 0:02:30]}  Rc8 {[%clk 0:01:33]} 22. Bxc5 {[%clk 0:02:29]}  Qxc5 {[%clk 0:01:32]} 23. fxe5 {[%clk 0:02:30]}  Qxe5 {[%clk 0:01:25]} 24. Rf5 {[%clk 0:02:30]}  Qe8 {[%clk 0:01:22]} 25. e5 {[%clk 0:02:14]}  Rc5 {[%clk 0:00:57]} 26. Re1 {[%clk 0:02:07]}  Nd5 {[%clk 0:00:52]} 27. Qe4 {[%clk 0:01:57]}  Qe6 {[%clk 0:00:49]} 28. Qxd4 {[%clk 0:01:46]}  Rac6 {[%clk 0:00:19]} 29. Ref1 {[%clk 0:01:43]}  Rc7 {[%clk 0:00:00]} 30. Rxf7 {[%clk 0:01:38]} 1-0

[Event "April 9 Early 2024"]
[Site "Chess.com"]
[Date "2024.04.09"]
[Round "4"]
[White "Begunov, Konstantin"]
[Black "Taboas Rodriguez, Daniel"]
[Result "1-0"]
[Board "106"]
[WhiteFideId "4118510"]
[BlackFideId "2208466"]
[WhiteTitle "FM"]
[BlackTitle "FM"]
[WhiteElo "2531"]
[BlackElo "2689"]
[WhiteTeam "RUS"]
[BlackTeam "ESP"]
[WhiteClock "0:00:07"]
[BlackClock "0:00:00"]
[Variant "Standard"]

1. d4 {[%clk 0:03:00]}  Nf6 {[%clk 0:03:00]} 2. c4 {[%clk 0:03:01]}  g6 {[%clk 0:03:00]} 3. f3 {[%clk 0:03:01]}  Bg7 {[%clk 0:03:01]} 4. e4 {[%clk 0:03:01]}  O-O {[%clk 0:03:02]} 5. Nc3 {[%clk 0:03:01]}  d6 {[%clk 0:03:02]} 6. Be3 {[%clk 0:03:02]}  c5 {[%clk 0:03:02]} 7. dxc5 {[%clk 0:03:03]}  dxc5 {[%clk 0:03:03]} 8. Qxd8 {[%clk 0:03:02]}  Rxd8 {[%clk 0:03:04]} 9. Bxc5 {[%clk 0:03:03]}  Nc6 {[%clk 0:03:05]} 10. Nd5 {[%clk 0:03:03]}  Nd7 {[%clk 0:02:59]} 11. Nxe7+ {[%clk 0:03:03]}  Nxe7 {[%clk 0:02:57]} 12. Bxe7 {[%clk 0:03:04]}  Bxb2 {[%clk 0:02:55]} 13. Bxd8 {[%clk 0:03:03]}  Bxa1 {[%clk 0:02:55]} 14. Ne2 {[%clk 0:03:04]}  Ne5 {[%clk 0:02:50]} 15. Nf4 {[%clk 0:02:59]}  b6 {[%clk 0:02:31]} 16. Nd5 {[%clk 0:02:36]}  Ba6 {[%clk 0:02:21]} 17. Bf6 {[%clk 0:02:35]}  Bb7 {[%clk 0:01:33]} 18. Kd1 {[%clk 0:02:09]}  Re8 {[%clk 0:01:25]} 19. Kc2 {[%clk 0:00:58]}  Bd4 {[%clk 0:01:17]} 20. f4 {[%clk 0:00:44]}  Nc6 {[%clk 0:01:00]} 21. Bxd4 {[%clk 0:00:25]}  Nxd4+ {[%clk 0:01:01]} 22. Kc3 {[%clk 0:00:21]}  Bxd5 {[%clk 0:00:53]} 23. Kxd4 {[%clk 0:00:18]}  Bxe4 {[%clk 0:00:51]} 24. Bd3 {[%clk 0:00:17]}  f5 {[%clk 0:00:46]} 25. Bxe4 {[%clk 0:00:12]}  Rxe4+ {[%clk 0:00:47]} 26. Kd5 {[%clk 0:00:12]}  Rxf4 {[%clk 0:00:47]} 27. Re1 {[%clk 0:00:12]}  Kf7 {[%clk 0:00:46]} 28. a4 {[%clk 0:00:09]}  Rf2 {[%clk 0:00:46]} 29. Kc6 {[%clk 0:00:09]}  Rxg2 {[%clk 0:00:44]} 30. Kb7 {[%clk 0:00:08]}  Rxh2 {[%clk 0:00:41]} 31. Kxa7 {[%clk 0:00:08]}  Ra2 {[%clk 0:00:42]} 32. Kxb6 {[%clk 0:00:08]}  Rxa4 {[%clk 0:00:42]} 33. c5 {[%clk 0:00:09]}  Rb4+ {[%clk 0:00:38]} 34. Kc7 {[%clk 0:00:08]}  Kf6 {[%clk 0:00:34]} 35. c6 {[%clk 0:00:09]}  f4 {[%clk 0:00:33]} 36. Kd6 {[%clk 0:00:07]}  Rd4+ {[%clk 0:00:32]} 37. Kc5 {[%clk 0:00:07]}  Rd2 {[%clk 0:00:32]} 38. Re4 {[%clk 0:00:07]}  Rc2+ {[%clk 0:00:26]} 39. Kd6 {[%clk 0:00:06]}  g5 {[%clk 0:00:23]} 40. c7 {[%clk 0:00:06]}  h5 {[%clk 0:00:20]} 41. Re6+ {[%clk 0:00:06]}  Kf7 {[%clk 0:00:16]} 42. Re7+ {[%clk 0:00:06]}  Kf8 {[%clk 0:00:14]} 43. Re5 {[%clk 0:00:06]}  Rxc7 {[%clk 0:00:02]} 44. Kxc7 {[%clk 0:00:05]}  Kf7 {[%clk 0:00:02]} 45. Rxg5 {[%clk 0:00:05]}  Kf6 {[%clk 0:00:03]} 46. Rxh5 {[%clk 0:00:05]}  f3 {[%clk 0:00:04]} 47. Rh3 {[%clk 0:00:05]}  f2 {[%clk 0:00:02]} 48. Rf3+ {[%clk 0:00:06]}  Ke5 {[%clk 0:00:00]} 49. Rxf2 {[%clk 0:00:07]} 1-0

[Event "April 9 Early 2024"]
[Site "Chess.com"]
[Date "2024.04.09"]
[Round "4"]
[White "Schoorl, Rob"]
[Black "Arabidze, Meri"]
[Result "1/2-1/2"]
[Board "108"]
[WhiteFideId "1009508"]
[BlackFideId "13604040"]
[WhiteTitle "FM"]
[BlackTitle "IM"]
[WhiteElo "2522"]
[BlackElo "2683"]
[WhiteTeam "NED"]
[BlackTeam "GEO"]
[WhiteClock "0:00:11"]
[BlackClock "0:00:11"]
[Variant "Standard"]

1. Nf3 {[%clk 0:03:00]}  Nf6 {[%clk 0:02:59]} 2. g3 {[%clk 0:03:00]}  d5 {[%clk 0:02:59]} 3. c4 {[%clk 0:03:00]}  e6 {[%clk 0:02:59]} 4. Bg2 {[%clk 0:03:00]}  Be7 {[%clk 0:02:59]} 5. O-O {[%clk 0:03:00]}  O-O {[%clk 0:03:00]} 6. b3 {[%clk 0:03:00]}  b6 {[%clk 0:03:00]} 7. d4 {[%clk 0:02:58]}  Bb7 {[%clk 0:03:00]} 8. Nc3 {[%clk 0:02:58]}  Na6 {[%clk 0:02:54]} 9. Bb2 {[%clk 0:02:32]}  c5 {[%clk 0:02:53]} 10. Ne1 {[%clk 0:02:24]}  Rc8 {[%clk 0:02:47]} 11. dxc5 {[%clk 0:02:22]}  Nxc5 {[%clk 0:02:46]} 12. cxd5 {[%clk 0:02:22]}  exd5 {[%clk 0:02:46]} 13. Rc1 {[%clk 0:02:15]}  Nce4 {[%clk 0:02:45]} 14. Nd3 {[%clk 0:02:11]}  Re8 {[%clk 0:02:38]} 15. Nf4 {[%clk 0:02:06]}  Bc5 {[%clk 0:02:27]} 16. Na4 {[%clk 0:01:55]}  Ba6 {[%clk 0:02:15]} 17. Nxc5 {[%clk 0:01:46]}  bxc5 {[%clk 0:02:16]} 18. Re1 {[%clk 0:01:41]}  d4 {[%clk 0:02:11]} 19. a3 {[%clk 0:01:23]}  Qe7 {[%clk 0:02:10]} 20. e3 {[%clk 0:01:00]}  d3 {[%clk 0:01:52]} 21. Nxd3 {[%clk 0:00:53]}  Rcd8 {[%clk 0:01:51]} 22. Bf1 {[%clk 0:00:52]}  h5 {[%clk 0:01:26]} 23. h3 {[%clk 0:00:37]}  Nxf2 {[%clk 0:01:11]} 24. Kxf2 {[%clk 0:00:35]}  Ne4+ {[%clk 0:01:12]} 25. Kg2 {[%clk 0:00:33]}  Qg5 {[%clk 0:01:00]} 26. Qf3 {[%clk 0:00:25]}  Bxd3 {[%clk 0:01:00]} 27. Rcd1 {[%clk 0:00:23]}  Bxf1+ {[%clk 0:00:53]} 28. Rxf1 {[%clk 0:00:22]}  f5 {[%clk 0:00:47]} 29. Qf4 {[%clk 0:00:19]}  Qxf4 {[%clk 0:00:43]} 30. exf4 {[%clk 0:00:19]}  g6 {[%clk 0:00:33]} 31. Rfe1 {[%clk 0:00:19]}  Kf7 {[%clk 0:00:31]} 32. Kf3 {[%clk 0:00:19]}  Nd2+ {[%clk 0:00:26]} 33. Kg2 {[%clk 0:00:19]}  Ne4 {[%clk 0:00:26]} 34. Be5 {[%clk 0:00:17]}  a6 {[%clk 0:00:21]} 35. g4 {[%clk 0:00:15]}  Ke6 {[%clk 0:00:18]} 36. gxf5+ {[%clk 0:00:15]}  gxf5 {[%clk 0:00:19]} 37. b4 {[%clk 0:00:15]}  c4 {[%clk 0:00:18]} 38. Kf3 {[%clk 0:00:15]}  Rg8 {[%clk 0:00:16]} 39. Rxd8 {[%clk 0:00:15]}  Rxd8 {[%clk 0:00:15]} 40. Rc1 {[%clk 0:00:15]}  Rd3+ {[%clk 0:00:15]} 41. Ke2 {[%clk 0:00:16]}  Rxh3 {[%clk 0:00:12]} 42. Rxc4 {[%clk 0:00:16]}  Rxa3 {[%clk 0:00:13]} 43. Rc6+ {[%clk 0:00:16]}  Kd5 {[%clk 0:00:13]} 44. Rh6 {[%clk 0:00:17]}  Kc4 {[%clk 0:00:08]} 45. Kd1 {[%clk 0:00:17]}  Kd3 {[%clk 0:00:08]} 46. Kc1 {[%clk 0:00:16]}  Ng3 {[%clk 0:00:04]} 47. Kb2 {[%clk 0:00:09]}  Ra4 {[%clk 0:00:02]} 48. Kb3 {[%clk 0:00:09]}  Rxb4+ {[%clk 0:00:02]} 49. Kxb4 {[%clk 0:00:09]}  Ke4 {[%clk 0:00:02]} 50. Ka5 {[%clk 0:00:09]}  Kf3 {[%clk 0:00:03]} 51. Kxa6 {[%clk 0:00:08]}  Kg4 {[%clk 0:00:03]} 52. Bf6 {[%clk 0:00:06]}  Ne4 {[%clk 0:00:03]} 53. Bd8 {[%clk 0:00:06]}  Ng3 {[%clk 0:00:03]} 54. Kb5 {[%clk 0:00:05]}  Ne2 {[%clk 0:00:04]} 55. Bc7 {[%clk 0:00:05]}  h4 {[%clk 0:00:03]} 56. Kc4 {[%clk 0:00:05]}  h3 {[%clk 0:00:04]} 57. Kd5 {[%clk 0:00:05]}  Ng3 {[%clk 0:00:03]} 58. Rxh3 {[%clk 0:00:04]}  Kxh3 {[%clk 0:00:03]} 59. Ke6 {[%clk 0:00:05]}  Kg4 {[%clk 0:00:03]} 60. Be5 {[%clk 0:00:05]}  Ne2 {[%clk 0:00:04]} 61. Kd5 {[%clk 0:00:03]}  Nxf4+ {[%clk 0:00:05]} 62. Kd4 {[%clk 0:00:03]}  Ng6 {[%clk 0:00:05]} 63. Bd6 {[%clk 0:00:03]}  Nh4 {[%clk 0:00:05]} 64. Ke3 {[%clk 0:00:04]}  Ng6 {[%clk 0:00:05]} 65. Kf2 {[%clk 0:00:04]}  Nh8 {[%clk 0:00:05]} 66. Ke3 {[%clk 0:00:04]}  Nf7 {[%clk 0:00:06]} 67. Bc7 {[%clk 0:00:05]}  Ng5 {[%clk 0:00:06]} 68. Ke2 {[%clk 0:00:05]}  Ne4 {[%clk 0:00:06]} 69. Bb8 {[%clk 0:00:06]}  Nf6 {[%clk 0:00:06]} 70. Ke3 {[%clk 0:00:06]}  Nd5+ {[%clk 0:00:06]} 71. Ke2 {[%clk 0:00:07]}  Ne7 {[%clk 0:00:06]} 72. Bd6 {[%clk 0:00:07]}  Nc6 {[%clk 0:00:06]} 73. Bc7 {[%clk 0:00:07]}  Nd4+ {[%clk 0:00:06]} 74. Ke3 {[%clk 0:00:07]}  Ne6 {[%clk 0:00:07]} 75. Bd6 {[%clk 0:00:07]}  Kg5 {[%clk 0:00:07]} 76. Kf3 {[%clk 0:00:07]}  Kf6 {[%clk 0:00:07]} 77. Ke3 {[%clk 0:00:07]}  Kg5 {[%clk 0:00:07]} 78. Kf3 {[%clk 0:00:08]}  Nd4+ {[%clk 0:00:07]} 79. Kf2 {[%clk 0:00:08]}  Nb5 {[%clk 0:00:07]} 80. Bb8 {[%clk 0:00:08]}  Kg4 {[%clk 0:00:07]} 81. Kg2 {[%clk 0:00:08]}  Nc3 {[%clk 0:00:07]} 82. Kf2 {[%clk 0:00:09]}  Nd5 {[%clk 0:00:07]} 83. Bd6 {[%clk 0:00:09]}  Nf6 {[%clk 0:00:07]} 84. Bb8 {[%clk 0:00:08]}  Ne4+ {[%clk 0:00:07]} 85. Ke3 {[%clk 0:00:09]}  Kg5 {[%clk 0:00:06]} 86. Kf3 {[%clk 0:00:09]}  Kf6 {[%clk 0:00:06]} 87. Kf4 {[%clk 0:00:08]}  Ke6 {[%clk 0:00:06]} 88. Kf3 {[%clk 0:00:08]}  Nf6 {[%clk 0:00:06]} 89. Kf4 {[%clk 0:00:09]}  Nd5+ {[%clk 0:00:06]} 90. Kf3 {[%clk 0:00:09]}  Ne7 {[%clk 0:00:07]} 91. Bc7 {[%clk 0:00:09]}  Nc6 {[%clk 0:00:06]} 92. Bf4 {[%clk 0:00:09]}  Ne5+ {[%clk 0:00:06]} 93. Bxe5 {[%clk 0:00:08]}  Kxe5 {[%clk 0:00:07]} 94. Ke3 {[%clk 0:00:09]}  f4+ {[%clk 0:00:08]} 95. Kf3 {[%clk 0:00:09]}  Kf5 {[%clk 0:00:08]} 96. Kf2 {[%clk 0:00:10]}  Kg5 {[%clk 0:00:09]} 97. Kf3 {[%clk 0:00:10]}  Kf5 {[%clk 0:00:10]} 98. Kf2 {[%clk 0:00:10]}  Ke5 {[%clk 0:00:11]} 99. Kf3 {[%clk 0:00:11]}  Kf5 {[%clk 0:00:11]} 1/2-1/2

[Event "April 9 Early 2024"]
[Site "Chess.com"]
[Date "2024.04.09"]
[Round "4"]
[White "Stojanova, Ganeta"]
[Black "Manukyan, Sargis A."]
[Result "0-1"]
[Board "110"]
[WhiteFideId "2902184"]
[BlackFideId "13303970"]
[BlackTitle "FM"]
[WhiteElo "2519"]
[BlackElo "2671"]
[WhiteTeam "BUL"]
[BlackTeam "ARM"]
[WhiteClock "0:00:00"]
[BlackClock "0:00:23"]
[Variant "Standard"]

1. Nf3 {[%clk 0:02:57]}  d5 {[%clk 0:02:59]} 2. c4 {[%clk 0:02:57]}  e6 {[%clk 0:03:00]} 3. d4 {[%clk 0:02:57]}  Nf6 {[%clk 0:03:00]} 4. Nc3 {[%clk 0:02:55]}  Be7 {[%clk 0:03:00]} 5. cxd5 {[%clk 0:02:44]}  exd5 {[%clk 0:02:59]} 6. Bg5 {[%clk 0:02:44]}  O-O {[%clk 0:02:57]} 7. Qc2 {[%clk 0:02:40]}  c6 {[%clk 0:02:51]} 8. e3 {[%clk 0:02:27]}  Nbd7 {[%clk 0:02:43]} 9. Bd3 {[%clk 0:02:25]}  Re8 {[%clk 0:02:38]} 10. O-O {[%clk 0:02:21]}  Nf8 {[%clk 0:02:37]} 11. Rab1 {[%clk 0:02:13]}  a5 {[%clk 0:02:35]} 12. a3 {[%clk 0:02:09]}  Ne4 {[%clk 0:02:32]} 13. Bf4 {[%clk 0:02:01]}  f5 {[%clk 0:02:28]} 14. Ne5 {[%clk 0:02:00]}  g5 {[%clk 0:02:19]} 15. Bg3 {[%clk 0:02:00]}  Ng6 {[%clk 0:02:19]} 16. Nxg6 {[%clk 0:01:59]}  hxg6 {[%clk 0:02:20]} 17. Be5 {[%clk 0:01:56]}  Bd6 {[%clk 0:02:16]} 18. Bxd6 {[%clk 0:01:43]}  Qxd6 {[%clk 0:02:17]} 19. b4 {[%clk 0:01:42]}  axb4 {[%clk 0:02:16]} 20. axb4 {[%clk 0:01:43]}  b5 {[%clk 0:02:15]} 21. Ne2 {[%clk 0:01:41]}  Bd7 {[%clk 0:02:10]} 22. f3 {[%clk 0:01:23]}  Nf6 {[%clk 0:02:07]} 23. Qd2 {[%clk 0:01:23]}  Ra3 {[%clk 0:02:03]} 24. Rfd1 {[%clk 0:01:17]}  g4 {[%clk 0:02:00]} 25. Nf4 {[%clk 0:01:06]}  g5 {[%clk 0:01:57]} 26. Ne2 {[%clk 0:01:07]}  gxf3 {[%clk 0:01:57]} 27. gxf3 {[%clk 0:01:07]}  g4 {[%clk 0:01:56]} 28. e4 {[%clk 0:00:58]}  fxe4 {[%clk 0:01:41]} 29. Qg5+ {[%clk 0:00:55]}  Kf7 {[%clk 0:01:41]} 30. fxe4 {[%clk 0:00:54]}  dxe4 {[%clk 0:01:37]} 31. Bc2 {[%clk 0:00:42]}  Rh8 {[%clk 0:01:33]} 32. Bb3+ {[%clk 0:00:42]}  Rxb3 {[%clk 0:01:32]} 33. Rxb3 {[%clk 0:00:41]}  Qxh2+ {[%clk 0:01:33]} 34. Kf1 {[%clk 0:00:41]}  Qh1+ {[%clk 0:01:26]} 35. Ng1 {[%clk 0:00:40]}  Be6 {[%clk 0:01:26]} 36. Rc3 {[%clk 0:00:36]}  Rh2 {[%clk 0:01:21]} 37. Qe3 {[%clk 0:00:26]}  g3 {[%clk 0:00:51]} 38. Qxg3 {[%clk 0:00:15]}  Bh3+ {[%clk 0:00:50]} 39. Qxh3 {[%clk 0:00:15]}  e3 {[%clk 0:00:42]} 40. Qf3 {[%clk 0:00:12]}  e2+ {[%clk 0:00:31]} 41. Qxe2 {[%clk 0:00:08]}  Rxe2 {[%clk 0:00:32]} 42. Kxe2 {[%clk 0:00:08]}  Qg2+ {[%clk 0:00:31]} 43. Kd3 {[%clk 0:00:08]}  Nd5 {[%clk 0:00:28]} 44. Rc2 {[%clk 0:00:00]}  Nxb4+ {[%clk 0:00:23]} 0-1

[Event "April 9 Early 2024"]
[Site "Chess.com"]
[Date "2024.04.09"]
[Round "4"]
[White "Liu, Yi"]
[Black "Crevatin, Leo"]
[Result "0-1"]
[Board "111"]
[WhiteFideId "3210588"]
[BlackFideId "1726307"]
[WhiteTitle "FM"]
[BlackTitle "FM"]
[WhiteElo "2516"]
[BlackElo "2666"]
[WhiteTeam "AUS"]
[BlackTeam "SWE"]
[WhiteClock "0:00:00"]
[BlackClock "0:00:11"]
[Variant "Standard"]

1. d4 {[%clk 0:03:00]}  Nf6 {[%clk 0:02:58]} 2. Nf3 {[%clk 0:03:01]}  d5 {[%clk 0:02:58]} 3. c3 {[%clk 0:03:01]}  Bf5 {[%clk 0:02:47]} 4. Qb3 {[%clk 0:03:01]}  Qc8 {[%clk 0:02:47]} 5. c4 {[%clk 0:03:01]}  e6 {[%clk 0:02:44]} 6. cxd5 {[%clk 0:03:01]}  exd5 {[%clk 0:02:45]} 7. Nc3 {[%clk 0:03:02]}  c6 {[%clk 0:02:45]} 8. Bf4 {[%clk 0:03:02]}  Ne4 {[%clk 0:02:11]} 9. Rc1 {[%clk 0:02:56]}  Nxc3 {[%clk 0:02:11]} 10. Rxc3 {[%clk 0:02:53]}  Be7 {[%clk 0:01:59]} 11. Re3 {[%clk 0:01:38]}  Be6 {[%clk 0:01:54]} 12. Ng5 {[%clk 0:01:38]}  Bxg5 {[%clk 0:01:43]} 13. Bxg5 {[%clk 0:01:39]}  O-O {[%clk 0:01:43]} 14. h4 {[%clk 0:01:31]}  c5 {[%clk 0:01:37]} 15. Rg3 {[%clk 0:00:54]}  Kh8 {[%clk 0:01:10]} 16. dxc5 {[%clk 0:00:32]}  Qxc5 {[%clk 0:01:04]} 17. Qc3 {[%clk 0:00:31]}  Nd7 {[%clk 0:00:49]} 18. e3 {[%clk 0:00:10]}  Qxc3+ {[%clk 0:00:42]} 19. bxc3 {[%clk 0:00:10]}  Rfc8 {[%clk 0:00:43]} 20. Kd2 {[%clk 0:00:08]}  Rc5 {[%clk 0:00:28]} 21. h5 {[%clk 0:00:08]}  Ra5 {[%clk 0:00:16]} 22. h6 {[%clk 0:00:03]}  Rxa2+ {[%clk 0:00:15]} 23. Kd3 {[%clk 0:00:04]}  g6 {[%clk 0:00:16]} 24. Be7 {[%clk 0:00:02]}  Rc8 {[%clk 0:00:12]} 25. f4 {[%clk 0:00:00]}  Rc4 {[%clk 0:00:11]} 0-1

[Event "April 9 Early 2024"]
[Site "Chess.com"]
[Date "2024.04.09"]
[Round "4"]
[White "Berezin, Viktor"]
[Black "Shkapenko, Pavel"]
[Result "0-1"]
[Board "112"]
[WhiteFideId "14107872"]
[BlackFideId "4151933"]
[WhiteTitle "FM"]
[BlackTitle "IM"]
[WhiteElo "2506"]
[BlackElo "2666"]
[WhiteTeam "UKR"]
[BlackTeam "FID"]
[WhiteClock "0:00:00"]
[BlackClock "0:00:25"]
[Variant "Standard"]

1. e4 {[%clk 0:02:54]}  e5 {[%clk 0:02:56]} 2. Nf3 {[%clk 0:02:54]}  Nc6 {[%clk 0:02:38]} 3. Bc4 {[%clk 0:02:53]}  d6 {[%clk 0:02:38]} 4. h3 {[%clk 0:02:46]}  Be7 {[%clk 0:02:37]} 5. d4 {[%clk 0:02:44]}  Nf6 {[%clk 0:02:36]} 6. Nc3 {[%clk 0:02:36]}  exd4 {[%clk 0:02:17]} 7. Nxd4 {[%clk 0:02:36]}  O-O {[%clk 0:02:17]} 8. O-O {[%clk 0:02:33]}  Bd7 {[%clk 0:02:13]} 9. Be3 {[%clk 0:02:29]}  Re8 {[%clk 0:01:54]} 10. Re1 {[%clk 0:02:11]}  Nxd4 {[%clk 0:01:50]} 11. Qxd4 {[%clk 0:02:08]}  Bf8 {[%clk 0:01:49]} 12. Bg5 {[%clk 0:02:00]}  Be6 {[%clk 0:01:50]} 13. Rad1 {[%clk 0:01:38]}  h6 {[%clk 0:01:43]} 14. Bh4 {[%clk 0:01:30]}  g5 {[%clk 0:01:40]} 15. Bg3 {[%clk 0:01:28]}  Bg7 {[%clk 0:01:40]} 16. e5 {[%clk 0:01:18]}  Nh5 {[%clk 0:01:40]} 17. Bxe6 {[%clk 0:01:06]}  fxe6 {[%clk 0:01:39]} 18. Bh2 {[%clk 0:00:56]}  d5 {[%clk 0:01:40]} 19. Qg4 {[%clk 0:00:53]}  Nf4 {[%clk 0:01:39]} 20. Bxf4 {[%clk 0:00:53]}  gxf4 {[%clk 0:01:40]} 21. Qxf4 {[%clk 0:00:53]}  Qg5 {[%clk 0:01:33]} 22. Qxg5 {[%clk 0:00:29]}  hxg5 {[%clk 0:01:34]} 23. Nb5 {[%clk 0:00:29]}  Re7 {[%clk 0:01:34]} 24. b3 {[%clk 0:00:26]}  Rf8 {[%clk 0:01:30]} 25. c4 {[%clk 0:00:25]}  a6 {[%clk 0:01:25]} 26. Nd4 {[%clk 0:00:22]}  c6 {[%clk 0:01:19]} 27. Nf3 {[%clk 0:00:20]}  Rf5 {[%clk 0:01:17]} 28. cxd5 {[%clk 0:00:19]}  cxd5 {[%clk 0:01:16]} 29. Rc1 {[%clk 0:00:18]}  Kh7 {[%clk 0:01:16]} 30. Rc8 {[%clk 0:00:18]}  Kg6 {[%clk 0:01:16]} 31. Re3 {[%clk 0:00:16]}  Rf4 {[%clk 0:01:13]} 32. g3 {[%clk 0:00:15]}  Re4 {[%clk 0:01:13]} 33. Kg2 {[%clk 0:00:13]}  Rxe3 {[%clk 0:01:07]} 34. fxe3 {[%clk 0:00:14]}  Kf5 {[%clk 0:01:08]} 35. Rc1 {[%clk 0:00:06]}  Bxe5 {[%clk 0:01:04]} 36. g4+ {[%clk 0:00:06]}  Ke4 {[%clk 0:01:04]} 37. Nxg5+ {[%clk 0:00:06]}  Kxe3 {[%clk 0:00:58]} 38. Re1+ {[%clk 0:00:04]}  Kf4 {[%clk 0:00:58]} 39. Nf3 {[%clk 0:00:04]}  Bc3 {[%clk 0:00:52]} 40. Re2 {[%clk 0:00:03]}  e5 {[%clk 0:00:47]} 41. Nh4 {[%clk 0:00:03]}  Re6 {[%clk 0:00:32]} 42. Nf5 {[%clk 0:00:03]}  e4 {[%clk 0:00:28]} 43. Rf2+ {[%clk 0:00:03]}  Ke5 {[%clk 0:00:29]} 44. h4 {[%clk 0:00:04]}  d4 {[%clk 0:00:29]} 45. h5 {[%clk 0:00:04]}  e3 {[%clk 0:00:29]} 46. Re2 {[%clk 0:00:02]}  Ke4 {[%clk 0:00:29]} 47. Ng3+ {[%clk 0:00:01]}  Kf4 {[%clk 0:00:27]} 48. g5 {[%clk 0:00:00]}  d3 {[%clk 0:00:25]} 0-1